000 00646cam a22002293a 4500
001 32005
003 PGUSA
005 20140828083707.0
008 100416s2010||||xxu|||||s|||||000 | eng d
040 _aPGUSA
_beng
042 _adc
050 4 _aDA
100 1 _aBorland, Robert,
_d-1912
245 1 0 _aBorder Raids and Reivers
_h[electronic resource] /
_cRobert Borland
260 _bProject Gutenberg,
_c2010
506 _aPublic domain in the USA.
516 _aElectronic text
653 _aScottish Borders (Scotland) -- History
830 0 _aProject Gutenberg
_v32005
856 4 0 _uhttp://www.gutenberg.org/ebooks/32005
942 _cEB
999 _c261260
_d261260